Quiz de Múltipla Escolha de Cidades - Tóquio - Statistics

Estatísticas Gerais
  • Esse quiz foi jogado 38 vezes
  • A pontuação média é 4 de 10
Estatísticas das Respostas
Questão Resposta % Correto
Qual é o nome da região em que Tóquio está localizada? Kanto
48%
Qual desses filmes NÃO se passa em Tóquio? Parasita
48%
Qual é a estrutura artificial mais alta de Tóquio? Tokyo Skytree
48%
Em que ano ocorreu o pico da bolha imobiliária de Tóquio? 1989
41%
O que matou mais de 100.000 pessoas em Tóquio e regiões vizinhas em 1923? Um terremoto
38%
Qual cidade na Baía de Tóquio é a segunda maior do Japão em população urbana? Yokohama
38%
Quantas vezes Tóquio sediou as Olimpíadas de Verão? 2
34%
Qual era o antigo nome de Tóquio? Edo
24%
Qual é o nome de uma barra de chocolate e do imperador que mudou a capital para Tóquio? Meiji
17%
Em que ilha Tóquio está localizada? Honshu
14%
Nenhum quiz correspondente encontrado
Distribuição das Pontuações
Porcentagem de Pessoas com Cada Pontuação
Percentil de Números Respondidos
Sua Pontuação Histórica
Você não jogou esse quiz